Statistics for Countries by National Anthems #1

Click here to take the quiz!

General Stats

  • This quiz has been taken 442 times
  • The average score is 6 of 12

Answer Stats

Country% Correct
United States
98%
Germany
78%
China
64%
Italy
63%
Brazil
59%
Japan
53%
Poland
43%
South Africa
41%
Sweden
39%
New Zealand
29%
Austria
24%
Jamaica
11%

Score Distribution

Percentile by Number Answered

Percent of People with Each Score

Your Score History

You have not taken this quiz